00254nam a2200109Ia 4500008004100000100001900041245002700060260002100087650001200108942000700120999001700127190216s9999||||xx |||||||||||||| ||und|| aWalter Bagehot 0aBritish Bharana Gadana bBhasha Institute aHistory cBK c38609d38609